[Event "Sharjah Ramadan op rapid"]
[Site "Sharjah"]
[Date "2019.05.14"]
[Round "4"]
[White "Saeed, M Nami"]
[Black "Al Namas, Kanan"]
[Result "0-1"]
[WhiteElo "1211"]
[BlackElo "1559"]
[PlyCount "64"]
[EventDate "2019.05.13"]
[EventType "swiss (rapid)"]
[EventRounds "9"]
[EventCountry "UAE"]
[SourceTitle "CBM 190 Extra"]
[Source "ChessBase"]
[SourceDate "2019.07.15"]
[SourceVersion "1"]
[SourceVersionDate "2019.07.15"]
[SourceQuality "1"]

1. e4 d5 2. exd5 Qxd5 3. Nc3 Qa5 4. d4 c6 5. Nf3 Nf6 6. Bc4 Bf5 7. 0-0 Qc7 8. h3 Nbd7 9. Re1 e6 10. d5 cxd5 11. Bxd5 Be7 12. Bb3 0-0 13. Bg5 a6 14. Bh4 Rad8 15. Bg3 Qc8 16. Qe2 Nc5 17. Rac1 b5 18. Nd1 Nfe4 19. Bh2 Qb7 20. Ne3 Bg6 21. Ne5 Nxb3 22. axb3 Rd2 23. Qf3 Rxf2 24. Qg4 h5 25. Qd1 Rd8 26. Nd3 Rf6 27. Be5 Rf2 28. Bg3 Rd2 29. Qf3 Qb6 30. Kh2 Nxg3 31. Kxg3 Bxd3 32. cxd3 Qb8+ 0-1